an introduction to thermal physics. (Record no. 5582)

MARC details
000 -LEADER
fixed length control field 00516nam a22001937a 4500
003 - CONTROL NUMBER IDENTIFIER
control field OSt
005 - DATE AND TIME OF LATEST TRANSACTION
control field 20170224150014.0
008 - FIXED-LENGTH DATA ELEMENTS--GENERAL INFORMATION
fixed length control field 170224b xxu||||| |||| 00| 0 eng d
020 ## - INTERNATIONAL STANDARD BOOK NUMBER
International Standard Book Number 0321277791
040 ## - CATALOGING SOURCE
Transcribing agency DDC.
082 ## - DEWEY DECIMAL CLASSIFICATION NUMBER
Classification number 536.7SCH 2000.
100 ## - MAIN ENTRY--PERSONAL NAME
Personal name Schroeder,Daniel V;
9 (RLIN) 11664
245 ## - TITLE STATEMENT
Title an introduction to thermal physics.
260 ## - PUBLICATION, DISTRIBUTION, ETC. (IMPRINT)
Place of publication, distribution, etc. San Francisco;
Name of publisher, distributor, etc. Addison Wesley Longman.
Date of publication, distribution, etc. 2000.
300 ## - PHYSICAL DESCRIPTION
Extent x,422p;
Other physical details ill;
Dimensions 25cm.
504 ## - BIBLIOGRAPHY, ETC. NOTE
Bibliography, etc includes index.
650 ## - SUBJECT ADDED ENTRY--TOPICAL TERM
Topical term or geographic name as entry element Physics.
9 (RLIN) 809
942 ## - ADDED ENTRY ELEMENTS (KOHA)
Source of classification or shelving scheme Dewey Decimal Classification
Koha item type Open Shelf
Holdings
Withdrawn status Lost status Source of classification or shelving scheme Damaged status Not for loan Home library Current library Date acquired Source of acquisition Inventory number Total Checkouts Full call number Barcode Date last seen Price effective from Koha item type
    Dewey Decimal Classification     MUST Main Library MUST Main Library 24/02/2017   08/31047   536.7SCH 2000. 2017-0255 24/02/2017 24/02/2017 Open Shelf
    Dewey Decimal Classification     MUST Main Library MUST Main Library 07/04/2017   08/31046   536.7SCH 2000. 2017-0773 07/04/2017 07/04/2017 Open Shelf